000 01303cam a22003377a 4500
005 20260322212052.0
008 data
010 _a 2007273185
020 _a1569242658 (pbk.)
020 _a9781569242650 (pbk.)
040 _aGK8
_cGK8
_dDLC
_dYDXCP
_dOUN
_dDLC
042 _alccopycat
050 0 0 _aRC662.18
_b.B43 2007
082 0 0 _a616.4/62
_222
092 _a616.4 B43 2007
100 1 _aBecker, Gretchen.
245 1 4 _aThe first year--type 2 diabetes :
_ban essential guide for the newly diagnosed /
_cGretchen Becker.
246 3 0 _aFirst year--type two diabetes
246 3 _aType 2 diabetes
250 _a2nd ed.
260 _aNew York :
_bMarlowe and Co.,
_c2007.
300 _axix, 350 p. :
_bill. ;
_c23 cm.
504 _aIncludes bibliographical references and index.
650 0 _aNon-insulin-dependent diabetes
_vPopular works.
856 4 1 _3Table of contents only
_uhttp://www.loc.gov/catdir/toc/fy0709/2007273185.html
856 4 2 _3Publisher description
_uhttp://www.loc.gov/catdir/enhancements/fy0712/2007273185-d.html
906 _a7
_bcbc
_ccopycat
_d2
_encip
_f20
_gy-gencatlg
925 0 _aacquire
_b2 shelf copies
_xpolicy default
001 data
999 _c1235
_d1235